00765nam a2200241 a 4500001001300000003000900013005001700022008004100039020002400080082002000104100002100124245004500145260005000190300000900240500003500249505001000284650004000294650003600334902000800370942000700378952012300385999001500508nice12345678IN_TiNIC20260116013101.0050524s1995 cama grp 000 0 eng  a052135X c245000a320.540962bGER aGershoni, Israel aRedefining the Egyptian Nation 1930-1945 aCambridge bCambridge University Press c1995 a285p aincludes index and biblioraphy2 aIndex aNationalism-Egypt-History-20th Cent aEgypt-Politics & Govt.1919-1952 bSRS cBK 001040708StackRoom-aHMIbHMId2007-04-05g2450.00l0o320.540962 GERp017881r2007-04-05v2450.00w2005-05-24yBK c9583d9583